Statistics for NBA Players with at least 10 All-Star Game Selections

Click here to take the quiz!

General Stats

  • This quiz has been taken 136 times
    (68 since last reset)
  • The average score is 28 of 40

Answer Stats

Hint Answer % Correct
19Kareem Abdul-Jabbar
97%
18Kobe Bryant
97%
14Michael Jordan
97%
15Shaquille O'Neal
94%
15LeBron James
94%
12Moses Malone
92%
14Karl Malone
92%
14Jerry West
89%
12Bill Russell
89%
12Magic Johnson
88%
15Tim Duncan
86%
13Wilt Chamberlain
86%
13Dwyane Wade
84%
12Larry Bird
84%
10Kevin Durant
83%
10John Stockton
80%
14Dirk Nowitzki
78%
12Oscar Robertson
77%
11Patrick Ewing
75%
12Hakeem Olajuwon
73%
15Kevin Garnett
72%
12Isiah Thomas
72%
11Charles Barkley
70%
11Allen Iverson
69%
10Paul Pierce
67%
10David Robinson
66%
10Ray Allen
66%
13John Havlicek
63%
13Bob Cousy
63%
11Chris Bosh
63%
11Julius Erving
59%
11Elgin Baylor
58%
10Clyde Drexler
58%
10Carmelo Anthony
58%
10Jason Kidd
52%
11Bob Pettit
44%
12Elvin Hayes
42%
12Dolph Schayes
28%
10Paul Arizin
17%
10Hal Greer
16%

Score Distribution

Percentile by Number Answered

Percent of People with Each Score

Your Score History

You have not taken this quiz since the last reset